Länder Südamerikas nach Bevölkerungsdichte (absteigende Reihenfolge) - Statistiken

Allgemein
  • Dieses Quiz wurde 10 mal gespielt
  • Das Durchschnittsergebnis liegt bei 7 aus 12
Antwortstatistiken
Hint Antwort % Korrekt
63,5 EW/km² Ecuador
100%
25,2 EW/km² Brasilien
83%
26 EW/km² Peru
83%
16,6 EW/km² Argentinien
67%
11,1 EW/km² Bolivien
67%
26,2 EW/km² Chile
67%
43,1 EW/km² Kolumbien
67%
16,7 EW/km² Paraguay
67%
3,66 EW/km² Suriname
67%
31 EW/km² Venezuela
67%
163 EW/km² Guatemala
0%
51,3 EW/km² Nicaragua
0%
Keine übereinstimmenden Quizze gefunden
Verteilung der Resultate
Anzahl Personen mit jedem Resultat
Perzentil nach korrekt beantworteten Fragen
Ihre Resultats-Entwicklung
Sie haben dieses Quiz noch nicht gespielt